The campus and the state / (Record no. 6476)
[ view plain ]
| 000 -CABECERA | |
|---|---|
| campo de control de longitud fija | 00689nam a2200217 a 4500 |
| 005 - FECHA Y HORA DE LA ÚLTIMA TRANSACCIÓN | |
| campo de control | 20230920063901.0 |
| 008 - ELEMENTOS DE LONGITUD FIJA--INFORMACIÓN GENERAL | |
| campo de control de longitud fija | 991125s1959 bal 000 0 eng u |
| 035 ## - NÚMERO DE CONTROL DEL SISTEMA | |
| Número de control de sistema | UPN01000006476 |
| 049 ## - COLECCIÓN | |
| Colección | CG |
| 050 #4 - SIGNATURA TOPOGRÁFICA DE LA BIBLIOTECA DEL CONGRESO | |
| Número de clasificación | LC171 M6.2 |
| 100 1# - ASIENTO PRINCIPAL--NOMBRE PERSONAL | |
| Nombre de persona | Moos, Malcolm Charles, |
| Fechas asociadas al nombre | 1916- |
| 245 14 - MENCIÓN DE TÍTULO | |
| Título | The campus and the state / |
| Mención de responsabilidad, etc. | Malcolm Moos, Francis E. Rourke ; with the assistance of Glenn Brooks and Leo Redfern |
| 260 ## - PUBLICACIÓN, DISTRIBUCIÓN, ETC. | |
| Lugar de publicación, distribución, etc. | Baltimore (U.S.A.) : |
| Nombre del editor, distribuidor, etc. | J. Hopkins, |
| Fecha de publicación, distribución, etc. | 1959 |
| 300 ## - DESCRIPCIÓN FÍSICA | |
| Extensión | 414 p. |
| 650 #4 - ASIENTO SECUNDARIO DE MATERIA - TERMINO TEMATICO | |
| Término de materia o nombre geográfico como elemento de entrada | Educación y Estado |
| 9 (RLIN) | 19 |
| 700 2# - ASIENTO SECUNDARIO--NOMBRE DE PERSONAL | |
| Nombre de persona | Rourke, Francis Edward, |
| Fechas asociadas al nombre | 1922-, |
| Término indicativo de función/relación | coaut. |
| 700 2# - ASIENTO SECUNDARIO--NOMBRE DE PERSONAL | |
| Nombre de persona | Brooks, Glenn, |
| Término indicativo de función/relación | colab. |
| 700 2# - ASIENTO SECUNDARIO--NOMBRE DE PERSONAL | |
| Nombre de persona | Redfern, Leo, |
| Término indicativo de función/relación | colab. |
| 904 ## - ELEMENTOS DE DATOS D LOCAL, LDD (RLIN) | |
| a | AC |
| b | 006476 |
| 905 ## - TIPO DE MATERIAL | |
| Tipo de material | Libro |
| Estado de retiro | Estado de pérdida | Fuente del sistema de clasificación o colocación | Estado dañado | No para préstamo | Código de colección | Localización permanente | Ubicación/localización actual | Ubicación en estantería | Total de préstamos | Clasificación | Código de barras | Fecha visto por última vez | Número de copia | Tipo de ítem Koha |
|---|---|---|---|---|---|---|---|---|---|---|---|---|---|---|
| Library of Congress Classification | Colección General | Bib. Gregorio Torres Quintero | Bib. Gregorio Torres Quintero | Planta baja | LC171 M6.2 | 11664 | 31/12/2020 | 1 | Libro |
